Wszyscy zwycięzcy Premier League - nagła śmierć - Statystyki

Ogólne statystyki
  • Ten quiz został rozwiązany 814 razy
  • Średni wynik to 9 z 24
Answers on the Grid
Answers color-coded by a green-red scale on the quiz's grid according to % correct below.
Huddersfield Town
Derby County
Wolverhampton Wanderers
Barnsley
Tottenham Hotspur
Swansea City
QPR
Manchester United
Liverpool
Cardiff City
Oldham Athletic
Burnley
Bradford City
Leeds United
Fulham
Oxford United
Crystal Palace
Luton Town
Portsmouth
Blackburn Rovers
Newcastle United
Watford
Bournemouth
Norwich City
Arsenal
Preston North End
Leicester City
Reading
Middlesbrough
AFC Sunderland
Chelsea
Sheffield Wednesday
Aston Villa
Hull City
Charlton Athletic
Ipswich Town
Nottingham Forest
Blackpool
Brentford
Bolton Wanderers
Brighton & Hove Albion
Coventry City
Manchester City
West Bromwich Albion
Sheffield United
Stoke City
Wigan Athletic
Everton
 
Statystyki odpowiedzi
Odpowiedź % Poprawnych
Liverpool
87%
Manchester United
87%
Arsenal
74%
Manchester City
70%
Chelsea
69%
Leicester City
67%
Nottingham Forest
58%
Aston Villa
56%
Tottenham Hotspur
50%
Everton
43%
Newcastle United
42%
Leeds United
40%
Blackburn Rovers
36%
Sheffield United
19%
AFC Sunderland
16%
Derby County
16%
Wolverhampton Wanderers
15%
Sheffield Wednesday
13%
Ipswich Town
10%
Preston North End
10%
Huddersfield Town
8%
Burnley
7%
Portsmouth
7%
West Bromwich Albion
6%
Nie znaleziono quizów pasujących do podanych kryteriów
Rozkład punktacji
Procent ludzi z każdym wynikiem
Percentyl według liczby udzielonych odpowiedzi
Twoja historia wyników
Nie rozwiązałeś tego quizu